LEADER 02476nam 2200565 a 450 001 9910789613403321 005 20230320060152.0 010 $a1-60223-123-0 035 $a(CKB)2670000000081246 035 $a(EBL)1820951 035 $a(SSID)ssj0000484378 035 $a(PQKBManifestationID)12190551 035 $a(PQKBTitleCode)TC0000484378 035 $a(PQKBWorkID)10594695 035 $a(PQKB)10012852 035 $a(MiAaPQ)EBC1820951 035 $a(Au-PeEL)EBL1820951 035 $a(CaPaEBR)ebr10457084 035 $a(OCoLC)893740799 035 $a(OCoLC)724025068 035 $a(MdBmJHUP)musev2_110924 035 $a(EXLCZ)992670000000081246 100 $a20100719d2011 uy 0 101 0 $aeng 135 $aur|n|---||||| 181 $ctxt 182 $cc 183 $acr 200 10$aFinding Mars$b[electronic resource] /$fNed Rozell 210 $aFairbanks, Alaska $cUniversity of Alaska Press$dc2011 215 $a1 online resource (202 p.) 300 $aDescription based upon print version of record. 311 $a1-60223-122-2 320 $aIncludes bibliographical references. 327 $aNot like the other boys -- Fourth rock from the sun -- Wretched little port -- Empty spots -- Wind is the eskimo's friend -- Dare to fail -- Usually, you die -- Secret of the permafrost -- To the end of the Earth -- The wine-dark sea -- The night of winter -- Some kind of big changing. 330 $aFinding Mars is an interwoven tale of science, travel, and adventure, as science writer Ned Rozell accompanies permafrost researcher-and inveterate wanderer-Kenji Yoshikawa on a 750-mile trek by snowmobile through the Alaska wilderness. Along the way, Rozell learns about Yoshikawa's fascinating life, from his boyhood in Tokyo to the youthful wanderlust that led him to push a wheeled cart across the Sahara, ski to the South Pole, and take a sailboat into the frozen reaches of the Arctic Ocean, spending a winter frozen in the ice near Barrow. It's an always on-the-move account of a man driven n. 606 $aScientists$zJapan$vBiography 606 $aPermafrost$xResearch$zAlaska 607 $aAlaska$xClimate 615 0$aScientists 615 0$aPermafrost$xResearch 676 $a551.3/84 700 $aRozell$b Ned$f1963-$01523037 801 0$bMiAaPQ 801 1$bMiAaPQ 801 2$bMiAaPQ 906 $aBOOK 912 $a9910789613403321 996 $aFinding Mars$93763104 997 $aUNINA LEADER 01608nam 2200481 450 001 9910795073403321 005 20230126222720.0 010 $a983-861-930-2 035 $a(CKB)4340000000262951 035 $a(MiAaPQ)EBC5338828 035 $a(Au-PeEL)EBL5338828 035 $a(CaPaEBR)ebr11540346 035 $a(OCoLC)1031344251 035 $a(EXLCZ)994340000000262951 100 $a20200130d2015 ua 0 101 0 $aeng 135 $aurcnu|||||||| 181 $ctxt$2rdacontent 182 $cc$2rdamedia 183 $acr$2rdacarrier 200 00$aStrengthening local knowledge towards globalization $eissues and practices /$feditor, Mohamad Rashidi Pakri 210 1$aPulau Pinang, Malaysia :$cPenerbit Universiti Sains Malaysia,$d[2015] 210 4$dİ2015 215 $a1 online resource (xvi, 120 pages) 311 $a983-861-927-2 320 $aIncludes bibliographical references and index. 606 $aEthnoscience$zMalaysia$vCongresses 606 $aTraditional ecological knowledge$zMalaysia$vCongresses 606 $aGlobalization$xSocial aspects$zMalaysia$vCongresses 607 $aMalaysia$xCivilization$vCongresses 615 0$aEthnoscience 615 0$aTraditional ecological knowledge 615 0$aGlobalization$xSocial aspects 676 $a001.089 702 $aMohamad Rashidi Pakri 712 02$aPenerbit Universiti Sains Malaysia, 801 0$bMiAaPQ 801 1$bMiAaPQ 801 2$bMiAaPQ 906 $aBOOK 912 $a9910795073403321 996 $aStrengthening local knowledge towards globalization$93787414 997 $aUNINA